000 00351nam a2200157Ia 4500
008 230917s9999||||xx |||||||||||||| ||und||
040 _e126381
_aMAIN
041 _aEnglish
082 _a415 P183G
100 _aPalmer, Frank
245 0 _aGrammar
250 _a2nd. ed.
260 _aMiddlesex
_bPenguin
_c1971
300 _a205p. p.
942 _cBK
999 _c57074
_d57074